[Event "41th ch-IND"]
[Site "Calcuta "]
[Date "2003.12.05"]
[Round "3"]
[White "Ganguly, Surya Shekhar"]
[Black "Sriram, Jha"]
[Result "1-0"]
[WhiteElo "2531"]
[BlackElo "2458"]
[PlyCount "85"]
[EventDate "2003.12.04"]
[Source "Roberto Alvarez"]
[SourceDate "2003.12.22"]

1. e4 c5 2. Nf3 Nf6 3. Nc3 d5 4. exd5 Nxd5 5. Bb5+ Bd7 6. Ne5 Nf6 7. Qf3 Qc7 8. Nxd7 Nbxd7 9. d3 e6 10. Bf4 Qc8 11. Ne4 a6 12. Nxf6+ gxf6 13. Ba4 Be7 14. O-O b5 15. Bb3 Ne5 16. Bxe5 fxe5 17. Rfe1 Bd6 18. Qh5 Ke7 19. Re3 Qc6 20. Rf3 Raf8 21. a4 b4 22. a5 f6 23. Qg4 Qc8 24. Rh3 Rf7 25. Re1 Bc7 26. Qc4 Bd6 27. f4 Rg8 28. Re4 Rfg7 29. g3 Rh8 30. Rh6 Rg6 31. Rh5 f5 32. fxe5 fxe4 33. exd6+ Kxd6 34. d4 e3 35. Rxc5 Qb7 36. d5 e2 37. Rc6+ Ke7 38. Qxe2 Rf8 39. Qe3 Rgf6 40. Qc5+ Kd8 41. Rd6+ Ke8 42. Ba4+ Kf7 43. Rd7+ 1-0

[Event "Osen I"]
[Site "Alushta"]
[Date "2003.09.20"]
[Round "7"]
[White "Sumets, Andrey"]
[Black "Shtyrenkov, Veniamen"]
[Result "0-1"]
[WhiteElo "2473"]
[BlackElo "2514"]
[PlyCount "38"]
[EventDate "2003.09.15"]
[Source "Roberto Alvarez"]
[SourceDate "2003.10.06"]

1. e4 c5 2. Nf3 Nf6 3. e5 Nd5 4. Nc3 Nxc3 5. dxc3 Nc6 6. Bf4 Qc7 7. Qd2 e6 8. O-O-O h6 9. Qe3 Ne7 10. Nd2 Nd5 11. Qf3 Nxf4 12. Qxf4 d5 13. c4 Be7 14. Nf3 d4 15. h4 Bd7 16. Bd3 f5 17. Qg3 O-O 18. Qg6 Qc6 19. Ng5 Bxg5+ 0-1

[Event "Biel Switzerland"]
[Site "?"]
[Date "2006.07.26"]
[Round "3"]
[White "Dembo, Yelena"]
[Black "Cramling, Pia"]
[Result "1/2-1/2"]
[WhiteElo "2465"]
[BlackElo "2521"]
[PlyCount "63"]
[EventDate "2006.??.??"]
[Source "www.chesslib.no"]
[SourceDate "2004.05.04"]

1. e4 c5 2. Nf3 Nf6 3. Nc3 d5 4. exd5 Nxd5 5. Bb5+ Bd7 6. Ne5 Bxb5 7. Qf3 f6 8. Nxb5 Na6 9. Qh5+ g6 10. Nxg6 hxg6 11. Qxh8 Qd7 12. Nc3 Qe6+ 13. Kf1 Nab4 14. Qh3 Qxh3 15. gxh3 Nc7 16. Rg1 Nxc2 17. Rb1 Kf7 18. a3 e5 19. d3 Rd8 20. Be3 Ne6 21. Rc1 Ncd4 22. Kg2 Nb3 23. Rcd1 f5 24. f3 Be7 25. Rgf1 Bd6 26. Ne2 g5 27. Bf2 Be7 28. Bg3 Bf6 29. Rfe1 Na5 30. Nc1 Nc6 31. Nb3 b6 32. Nc1 1/2-1/2

[Event "Spartakiade tt 8th"]
[Site "Moscow RUS"]
[Date "1983.??.??"]
[Round "9"]
[White "Dolmatov, Sergey V"]
[Black "Mnatsakanian, Eduard A"]
[Result "1-0"]
[WhiteElo "2550"]
[BlackElo "2435"]
[PlyCount "51"]
[EventDate "1983.07.??"]
[Source "www.chesslib.no"]
[SourceDate "2004.05.04"]

1. e4 c5 2. Nf3 Nf6 3. e5 Nd5 4. Nc3 e6 5. Ne4 Nc6 6. c4 Nf4 7. d4 Ng6 8. dxc5 Bxc5 9. Bd2 Be7 10. Nd6+ Bxd6 11. exd6 O-O 12. Be2 Qb6 13. b4 Qd8 14. b5 Nce5 15. Nxe5 Nxe5 16. O-O b6 17. f4 Ng6 18. g3 Bb7 19. Be3 Qf6 20. a4 Rfc8 21. Qd3 h6 22. Bd4 Qd8 23. a5 bxa5 24. f5 exf5 25. Qxf5 Qe8 26. Bd3 1-0

[Event "Le Touquet op"]
[Site "Le Touquet"]
[Date "1996.??.??"]
[Round "?"]
[White "Tseshkovsky, Vitaly"]
[Black "Shirazi, Kamran G"]
[Result "1-0"]
[WhiteElo "2540"]
[BlackElo "2445"]
[PlyCount "48"]
[EventDate "1996.??.??"]
[Source "www.chesslib.no"]
[SourceDate "2004.05.04"]

1. e4 c5 2. Nf3 Nf6 3. e5 Nd5 4. Nc3 Nb4 5. a3 N4c6 6. b4 d6 7. exd6 cxb4 8. axb4 Nxb4 9. Ba3 N4c6 10. Qe2 Be6 11. d4 g6 12. Nb5 Na6 13. Ng5 Qa5+ 14. Kd1 Nxd4 15. Qe5 Nb3 16. cxb3 Bxb3+ 17. Kc1 Kd7 18. Kb2 Ba4 19. Rc1 Rc8 20. Bc4 Rxc4 21. dxe7 Bg7 22. Qxg7 Qxb5+ 23. Ka2 Rhc8 24. Ka1 Qb3 1-0

[Event "Zemun"]
[Site "?"]
[Date "1980.06.11"]
[Round "10"]
[White "Popovic Petar"]
[Black "Sahovic Dragutin"]
[Result "1/2-1/2"]
[WhiteElo "2490"]
[BlackElo "2485"]
[PlyCount "81"]
[EventDate "1980.??.??"]
[Source "www.chesslib.no"]
[SourceDate "2004.05.04"]

1. e4 c5 2. Nf3 Nf6 3. e5 Nd5 4. g3 Nc6 5. Bg2 d6 6. exd6 Qxd6 7. O-O Bg4 8. h3 Bxf3 9. Qxf3 e6 10. Na3 Be7 11. c3 O-O 12. d3 Rad8 13. Qe2 Bf6 14. Nc4 Qc7 15. a4 b6 16. Qc2 Ne5 17. Bd2 Rd7 18. a5 b5 19. Nxe5 Bxe5 20. a6 Rfd8 21. Rfe1 Nb6 22. Bg5 Bf6 23. Bf4 e5 24. Be3 Rxd3 25. Be4 R3d6 26. Bxh7+ Kh8 27. Be4 Nc4 28. Bc1 Nd2 29. Bxd2 Rxd2 30. Qb3 Qd7 31. Ra5 Rb8 32. c4 Qd4 33. Qf3 bxc4 34. Re3 Rbxb2 35. Qf5 Kg8 36. Rf3 c3 37. Qc8+ Bd8 38. Qf5 Bf6 39. Qc8+ Bd8 40. Qf5 Bf6 41. Qc8+ 1/2-1/2

[Event "OHRA-B"]
[Site "Amsterdam NED"]
[Date "1986.??.??"]
[Round "4"]
[White "Dolmatov, Sergey V"]
[Black "Murey, Jacob I"]
[Result "1/2-1/2"]
[WhiteElo "2515"]
[BlackElo "2460"]
[PlyCount "44"]
[EventDate "1986.07.??"]
[Source "www.chesslib.no"]
[SourceDate "2004.05.04"]

1. e4 c5 2. Nf3 Nf6 3. Nc3 e6 4. d4 d5 5. exd5 Nxd5 6. Nxd5 Qxd5 7. Be3 Nd7 8. Be2 Be7 9. O-O O-O 10. c4 Qd6 11. Qc2 cxd4 12. Nxd4 a6 13. Rac1 Qc7 14. g3 Nf6 15. Bf3 Re8 16. Rfe1 Bb4 17. Bd2 Bxd2 18. Qxd2 e5 19. Ne2 Bd7 20. Nc3 Bc6 21. Bxc6 Qxc6 22. b3 Rad8 1/2-1/2

[Event "New York Open"]
[Site "New York, NY USA"]
[Date "1986.??.??"]
[Round "?"]
[White "Popovic, Petar"]
[Black "Shirazi, Kamran G"]
[Result "0-1"]
[WhiteElo "2545"]
[BlackElo "2430"]
[PlyCount "92"]
[EventDate "1986.03.??"]
[Source "www.chesslib.no"]
[SourceDate "2004.05.04"]

1. e4 c5 2. Nf3 Nf6 3. e5 Nd5 4. g3 b6 5. Bg2 Ba6 6. d3 Nc6 7. O-O e6 8. Re1 Be7 9. c4 Nc7 10. b3 O-O 11. d4 cxd4 12. Nxd4 Nxd4 13. Qxd4 d5 14. exd6 Bf6 15. Qf4 Nd5 16. cxd5 Bxa1 17. dxe6 fxe6 18. Qe4 Qf6 19. Qxe6+ Qxe6 20. Rxe6 Rac8 21. Be3 Bd4 22. Bd5 Kh8 23. d7 Bxe3 24. dxc8=Q Bxf2+ 25. Kg2 Bxc8 26. Re2 Bc5 27. Nd2 g5 28. Nf3 Ba6 29. Re4 Bd3 30. Rg4 Be3 31. h3 h5 32. Ra4 b5 33. Ra6 g4 34. hxg4 hxg4 35. Ne5 Bf1+ 36. Kh1 Rf5 37. Nxg4 Bb6 38. Bg2 Be2 39. Nh2 Rf2 40. b4 Bc4 41. a3 Ra2 42. Bc6 Ra1+ 43. Kg2 Ra2+ 44. Kh1 Bb3 45. Nf3 Rc2 46. Ne5 Rxc6 0-1

[Event "ch-Privolzhsky Region"]
[Site "?"]
[Date "2005.03.23"]
[Round "8"]
[White "Bezgodov Alexei"]
[Black "Dudukin Ilya"]
[Result "1-0"]
[WhiteElo "2558"]
[BlackElo "2413"]
[PlyCount "85"]
[EventDate "2005.??.??"]
[Source "www.chesslib.no"]
[SourceDate "2004.05.04"]

1. e4 c5 2. Nf3 Nf6 3. e5 Nd5 4. Nc3 Nxc3 5. dxc3 Nc6 6. Bc4 e6 7. Bf4 h6 8. O-O Qc7 9. Re1 b6 10. Qd3 Bb7 11. Rad1 O-O-O 12. Ba6 Na5 13. Bxb7+ Nxb7 14. Nd2 d5 15. c4 g5 16. Bg3 Bg7 17. Qf3 Na5 18. cxd5 Rxd5 19. Ne4 Bxe5 20. Rxd5 Bxg3 21. Rd3 Bxh2+ 22. Kh1 c4 23. Rdd1 Be5 24. Nf6 Bd6 25. Re2 Nb7 26. Red2 Rd8 27. c3 Kb8 28. Rd4 a6 29. R1d2 b5 30. b3 cxb3 31. axb3 Qe7 32. c4 b4 33. g3 a5 34. Ne4 Be5 35. Rxd8+ Nxd8 36. Qe3 Nc6 37. Nc5 Bd6 38. Qe4 Kc7 39. Na4 Kb7 40. c5 Bc7 41. Qc4 Ka7 42. Qb5 Nd8 43. Rd7 1-0

[Event "31. Internacional La Roda"]
[Site "La Roda"]
[Date "2004.04.09"]
[Round "4"]
[White "Kogan, Artur"]
[Black "Ibarra Jerez, Jose Carlos"]
[Result "1-0"]
[WhiteElo "2543"]
[BlackElo "2427"]
[PlyCount "88"]
[EventDate "2004.04.07"]
[Source "Roberto Alvarez"]
[SourceDate "2004.04.19"]

1. e4 c5 2. Nf3 Nf6 3. e5 Nd5 4. Nc3 e6 5. Ne4 f5 6. Nc3 Nxc3 7. dxc3 Be7 8. Bf4 O-O 9. Qd2 b6 10. O-O-O Bb7 11. Be2 Bc6 12. h4 b5 13. Ng5 Qa5 14. Kb1 Bd5 15. c4 Qxd2 16. Rxd2 Bxg2 17. Rg1 Bb7 18. cxb5 a6 19. b6 Rc8 20. a4 c4 21. Bh5 a5 22. Nf7 Ra6 23. Bh6 g6 24. Nd6 Bxd6 25. Rxd6 Bc6 26. Be3 f4 27. Bd4 f3 28. Bg4 Rf8 29. h5 Kf7 30. Bc5 Rc8 31. Be3 Bxa4 32. hxg6+ hxg6 33. Rh1 Bc6 34. Rd4 Bd5 35. Bg5 Rg8 36. Rh7+ Rg7 37. Rh8 Rg8 38. Rf4+ Kg7 39. Bf6+ Kf8 40. Bd8+ Kg7 41. Bf6+ Kf8 42. Be7+ Kxe7 43. Rxg8 Rxb6 44. Rgf8 Rxb2+ 1-0

[Event "Politicen Cup"]
[Site "Copenhagen"]
[Date "1983.??.??"]
[Round "2"]
[White "Wedberg, Tom"]
[Black "Lechtynsky, Jiri"]
[Result "1/2-1/2"]
[WhiteElo "2495"]
[BlackElo "2475"]
[PlyCount "51"]
[EventDate "1983.10.??"]
[Source "ChessBase"]

1. e4 c5 2. Nf3 Nf6 3. Nc3 Nc6 4. d4 d5 5. exd5 Nxd5 6. Nxd5 Qxd5 7. Be3 cxd4 8. Nxd4 a6 9. Be2 e5 10. Bf3 e4 11. Be2 Be7 12. O-O O-O 13. c3 Nxd4 14. Qxd4 Qc6 15. f3 Re8 16. Qc4 Bf6 17. Bd4 Qxc4 18. Bxc4 Be6 19. Bxe6 Bxd4+ 20. cxd4 Rxe6 21. Rac1 e3 22. Rc7 b5 23. d5 Rd6 24. Re1 Rxd5 25. Rxe3 Rd2 26. Rec3 1/2-1/2

[Event "FRG Ch int 4th"]
[Site "Bad Lauterberg GER"]
[Date "1977.??.??"]
[Round "2"]
[White "Torre, Eugenio"]
[Black "Gerusel, Mathias"]
[Result "1-0"]
[WhiteElo "2550"]
[BlackElo "2420"]
[PlyCount "85"]
[EventDate "1977.03.??"]
[Source "www.chesslib.no"]
[SourceDate "2004.05.04"]

1. e4 c5 2. Nf3 Nf6 3. Nc3 Nc6 4. d4 d5 5. exd5 Nxd5 6. Bb5 Nxc3 7. bxc3 e6 8. O-O Be7 9. Be3 O-O 10. dxc5 Qa5 11. Bxc6 bxc6 12. Qd4 Rb8 13. Ne5 Bf6 14. Nxc6 Bxd4 15. Nxa5 Bxc3 16. Nc6 Rb7 17. Rab1 Rc7 18. Rb3 Rxc6 19. Rxc3 e5 20. Rd1 f5 21. f4 e4 22. Rd6 Rf6 23. Rd8+ Rf8 24. Rxf8+ Kxf8 25. Bd4 g6 26. Rh3 h5 27. Ra3 Ra6 28. Rxa6 Bxa6 29. c6 Ke7 30. Bxa7 Kd6 31. Kf2 Kxc6 32. Kg3 Bf1 33. Kh4 Bxg2 34. Kg5 Bh3 35. Kxg6 Bg4 36. c4 Be2 37. Kxf5 Bxc4 38. a4 Kd5 39. Kg5 Be2 40. f5 Bd1 41. a5 Ke5 42. Be3 Be2 43. f6 1-0

[Event "56th ch-RUS"]
[Site "Krasnoyarsk"]
[Date "2003.09.06"]
[Round "4"]
[White "Aseev, Konstantin N"]
[Black "Khairullin, Ildar"]
[Result "1/2-1/2"]
[WhiteElo "2522"]
[BlackElo "2445"]
[PlyCount "57"]
[EventDate "2003.09.03"]
[Source "Roberto Alvarez"]
[SourceDate "2003.09.15"]

1. e4 c5 2. Nf3 Nf6 3. e5 Nd5 4. Nc3 Nxc3 5. dxc3 Nc6 6. Bf4 Qb6 7. b3 Qa5 8. Qd2 h6 9. h4 d5 10. exd6 exd6 11. Bc4 Be7 12. O-O O-O 13. Rae1 Bg4 14. Re3 Qd8 15. Rfe1 Qd7 16. Nh2 Bf5 17. h5 Rad8 18. Bd5 Bf6 19. Qe2 Ne5 20. f3 Bg5 21. Bxg5 hxg5 22. Nf1 Be6 23. Qd2 Kh8 24. R3e2 Bxd5 25. Qxd5 f5 26. Ne3 Rde8 27. Nc4 Nxc4 28. bxc4 Rxe2 29. Rxe2 1/2-1/2

[Event "Paris APSAP"]
[Site "Paris FRA"]
[Date "1994.??.??"]
[Round "3"]
[White "Santo Roman, Marc"]
[Black "Murey, Jacob I"]
[Result "1-0"]
[WhiteElo "2440"]
[BlackElo "2525"]
[PlyCount "74"]
[EventDate "1994.12.??"]
[Source "www.chesslib.no"]
[SourceDate "2004.05.04"]

1. e4 c5 2. Nf3 Nf6 3. Nc3 e6 4. e5 Nd5 5. Nxd5 exd5 6. d4 Qb6 7. Be2 cxd4 8. Qxd4 Bc5 9. Qh4 d6 10. O-O dxe5 11. Nxe5 Nd7 12. Nd3 Be7 13. Bg5 Nf6 14. Bf3 Be6 15. Nf4 h6 16. Nxe6 fxe6 17. Be3 Bc5 18. Bh5+ Ke7 19. Bxc5+ Qxc5 20. Bg6 a5 21. Rae1 Ra6 22. Re3 Rd8 23. Rfe1 Rdd6 24. Bd3 Rab6 25. Qg3 Kf8 26. b3 Qd4 27. a4 Qg4 28. Qe5 Qg5 29. f4 Qh4 30. Rh3 Qg4 31. Rg3 Qh4 32. Rg6 Ne8 33. f5 Nf6 34. g3 Qb4 35. Re2 Kf7 36. Rf2 Qc5 37. Kg2 Qc6 1-0

[Event "Yerevan"]
[Site "Yerevan"]
[Date "1977.??.??"]
[Round "13"]
[White "Lutikov, Anatoly S"]
[Black "Mnatsakanian, Eduard A"]
[Result "1/2-1/2"]
[WhiteElo "2540"]
[BlackElo "2425"]
[PlyCount "39"]
[EventDate "1977.??.??"]
[Source "ChessBase"]

1. e4 c5 2. Nf3 Nf6 3. e5 Nd5 4. d4 cxd4 5. Qxd4 e6 6. Bd3 Nc6 7. Qe4 f5 8. exf6 Nxf6 9. Qe2 Be7 10. O-O O-O 11. a3 b6 12. Nc3 Bb7 13. Ne4 Qc7 14. Ng3 Bd6 15. Bg5 Ne5 16. Nxe5 Bxe5 17. c3 Rf7 18. Rae1 Bf4 19. Bxf4 Qxf4 20. f3 1/2-1/2

[Event "FRA-chT"]
[Site "FRA"]
[Date "1998.04.04"]
[Round "6"]
[White "De la Riva Aguado, Oscar"]
[Black "Kallai, Gabor"]
[Result "1/2-1/2"]
[WhiteElo "2495"]
[BlackElo "2470"]
[PlyCount "142"]
[EventDate "1998.02.06"]
[Source "ChessBase"]
[SourceDate "1998.07.07"]

1. e4 c5 2. Nf3 Nf6 3. e5 Nd5 4. d4 cxd4 5. c3 d6 6. Qb3 e6 7. cxd4 Nc6 8. Bb5 Bd7 9. Nc3 Nxc3 10. bxc3 dxe5 11. dxe5 Be7 12. O-O Qc7 13. Rd1 O-O 14. Bf4 Rfd8 15. Bd3 Be8 16. Qc4 Qa5 17. Rab1 Rab8 18. Rb5 Qc7 19. Qe4 g6 20. Rbb1 Qa5 21. h4 Qxc3 22. Rbc1 Qb4 23. Rc4 Qa5 24. a3 Rd5 25. Rb1 Rbd8 26. Be2 b5 27. Rc2 Nd4 28. Nxd4 Rxd4 29. Qb7 R4d7 30. Qe4 Bxh4 31. g3 Be7 32. Kg2 Rc7 33. Rxc7 Qxc7 34. Bxb5 Bxb5 35. Rxb5 Rb8 36. Rxb8+ Qxb8 37. a4 h5 38. Be3 a6 39. Qc6 a5 40. Bd4 Bb4 41. Kg1 Kg7 42. Qf3 Qe8 43. Qf6+ Kg8 44. Be3 Qe7 45. Qf3 Qd7 46. Qa8+ Kh7 47. Bg5 Qd1+ 48. Kh2 Qd4 49. Qf3 Qa7 50. Kg1 Bf8 51. Bf6 Bg7 52. Bxg7 Kxg7 53. Qf6+ Kg8 54. g4 Qd4 55. gxh5 gxh5 56. Qg5+ Kf8 57. Qh6+ Ke8 58. Qh8+ Kd7 59. Qxh5 Qf4 60. Qd1+ Ke8 61. Qd6 Qb4 62. Qc6+ Kf8 63. Kg2 Kg7 64. Qb5 Qc3 65. Kh2 Kg6 66. Qb1+ Kg5 67. Qe4 Qc1 68. Kg3 Qg1+ 69. Kh3 Qxf2 70. Qg4+ Kh6 71. Qh5+ Kxh5 1/2-1/2